| 000 | 02934ngm a2200481 4500 | ||
|---|---|---|---|
| 003 | dpl | ||
| 005 | 20090102114853.0 | ||
| 007 | DVD | ||
| 008 | ||||||sp199 xxu|||||c ||| 00| 0 ng d | ||
| 010 | _aDVD-001695-1697 & DVD-005231-5235 | ||
| 024 |
_aSHE DVD 042 _c169.00 & 99.00 (Revised Price) |
||
| 035 | _aDVD-001695-1697 | ||
| 035 | _aDVD-005231-5235 | ||
| 040 |
_aDPL _cDPL |
||
| 082 | _aDVD / STYL | ||
| 245 |
_aStyle _cN C Gil Presents _h[videorecording] DVD/ |
||
| 260 | _bShemaroo Video Pvt. Ltd. | ||
| 300 |
_a1 videodisc DVD; (163 min.) : _bsd., col. ; _c4 3/4 in. _fDVD |
||
| 440 | _aShemaroo Home Entertainment | ||
| 500 | _aDigitally Re-Mastered From the Original Film | ||
| 500 | _aEvery dam's thing in ishtyle | ||
| 500 | _aThe Ultimate Enchanced Version With Smooth Viewing | ||
| 538 | _aDolby Digital 5.1 - Hindi Subtitles: English | ||
| 538 | _aAnamorphic Wide Screen Format, Presented 2:35.1 Aspect Ratio Enhancaead for 16:9 Wide Screen | ||
| 650 | _aMotion Picture | ||
| 700 | _aChandra, N | ||
| 700 | _aSanjeev Darshan | ||
| 700 | _aJoshi, Sharman | ||
| 700 | _aSen, Ria | ||
| 700 | _aKhan, Sahil | ||
| 700 | _aMudgal, Shilpi | ||
| 942 |
_cCF _2ddc _hDVD _mSTYL |
||
| 999 |
_c20497 _d20497 |
||